00433nam a2200169Ia 4500008004100000020002200041041000800063082001600071100001900087245004400106250000600150260003800156300001700194365001300211650002500224650001400249210423s2012 xx 000 0 und d a978-0-07-060460-5 aeng a543.07 KHAH aKHANDPUR (R S) aHandbook of analytical instruments Ed 2 a2 aNew DelhibTata McGraw-hillc2012 axxii,770bPB b750cINR aAnalytical Chemistry aChemistry